enchanted April (Record no. 11213)
[ view plain ]
| 000 -LEADER | |
|---|---|
| fixed length control field | 00352 a2200109 4500 |
| 005 - DATE AND TIME OF LATEST TRANSACTION | |
| control field | 20191017174133.0 |
| 084 ## - OTHER CLASSIFICATION NUMBER | |
| Classification number | PZ3.R9158 En5 |
| 245 ## - TITLE STATEMENT | |
| Title | enchanted April |
| Medium | |
| 260 ## - PUBLICATION, DISTRIBUTION, ETC. | |
| Place of publication, distribution, etc. | enk |
| Name of publisher, distributor, etc. | Hamilton |
| Date of publication, distribution, etc. | 1973 |
| 300 ## - PHYSICAL DESCRIPTION | |
| Extent | 221 p. 21 cm. |
| Other physical details | 221 p. 21 cm. |
| Dimensions | 221 p. 21 cm. |
| 500 ## - GENERAL NOTE | |
| General note | by the author of "Elizabeth and her German garden". [Mary Annette von Arnim] |
| 700 ## - ADDED ENTRY--PERSONAL NAME | |
| Personal name | Von Arnim, Elizabeth |
No items available.